00572nam a2200181 a 45000010010000000030011000100080041000210350026000620820014000881000024001022450063001262600051001896500012002409420012002529520091002649980020003559990015003750000-8678ELIB.Books110520 1979  a(ELIB.Books)0000-8824 a266 bHoc aHockstra, Harvey T. aThe World Council of Churches and the Demise of Evangelism bWheaton: Tyndale House Publishers, Inc. c1979 aMission 2ddccBK 00102ddc4070aKBTSbKBTSd2011-05-20l0p25082r2022-01-22 00:00:00w2022-01-22yBK cbate2011-05-20 c8678d8678